Дело о назначении членом Комитета по театральным делам действительного статского советника Майкова

Доступно только в Электронных читальных залах Найти на картеНа карте
RUSMARC
00004106nmc2a22000003x 450
0012229ca3b-6fd0-4fa4-84bf-3093f85a342e
00520181126201113.0
100##$a20161226l18221822k l0rusy0189 ca
1010#$arus
102##$aRU
2001#$aДело о назначении членом Комитета по театральным делам действительного статского советника Майкова
$j14 апреля - 1 июля 1822 г.
251##$cДело
300##$aДело
300##$aОриг. заголовок дела: Дело о присутствии шталмейстера князя Долгорукова и действительного статского советника Майкова в Театральном комитете. 14 апреля 1822 г. - 1 июля 1822 г
801#0$aRU
$bРГИА
$c20161226
$gRCR
801#1$aRU
$bГлавНИВЦ
$c20161226
$2rusmarc
801#2$aRU
$bПБ им. Б.Н. Ельцина
$c20181126
$gRCR
$2rusmarc
850##$aРГИА
852##$aРГИА
$eФедеральное казенное учреждение "Российский государственный исторический архив" (РГИА)
$j2321
937##$hРГИА
$d12236568
$aASBIBLIO_SCAN
462#0$1001dd3991dc-24e1-42ec-8838-ca4255420416
$12001
$a1746-1850 гг.
$1251
$cОпись
$1852
$j1
461#0$10019264ebf8-de62-4f1a-9eb4-9f22098dbbd5
$12001
$aДирекция императорских театров МИДв
$1251
$cФонд
$1852
$j497
215##$a8 л.
$d36,5х26 см
371##$aДокумент не является опубликованным и широко распространяемым
5171#$aДело о присутствии шталмейстера князя Долгорукова и действительного статского советника Майкова в Театральном комитете. 14 апреля 1822 г. - 1 июля 1822 г
105##$ay###
1222#$ad
035##$a2229ca3b-6fd0-4fa4-84bf-3093f85a342e
856##$uhttp://readingroom.main.prlib.ru/item.aspx?id_node=n121001750&mode=full
Формат отображения